00644nam a2200193Ia 4500003000400000005001700004008004100021040000700062041000800069082001500077100005700092245008600149260002000235300000900255650002000264942001300284999001900297952013400316OSt20251111090715.0250729s2005 xx 000 0 und d cAL akan a930.7 REDE aರೆಡ್ಡಿ ತಿಮ್ಮಾ ಕೆ9224154 aಇತಿಹಾಸ ಮತ್ತು ಪೌರನೀತಿ ಬೋಧನೆ aಗದಗc2005 a535p aHistory9224155 2ddccBED c236270d236270 00104070aALbALd2025-07-29eSchool Book Companyg200.00l0o930.7 REDEpBED01589r2025-07-29 16:54:42v200.00w2025-07-29yBK